000 00467nam a2200193Ia 4500
005 20230325103427.0
008 131103s9999 xx 000 0 und d
020 _cRs.18
040 _aLoreto College
041 _aEnglish
082 _a891.443
_bCHA
100 _aChattopadhaya, S.C
245 _aSreekanta
_cS.C. Chattopadhaya
260 _aKolkata
_bI. A.Publishing
_c1889
300 _a706p.
650 _aBengali fiction
850 _aLCLIB
942 _cBK
999 _c21500
_d71979